Czeskie Bajki - Statystyki

Ogólne statystyki
  • Ten quiz został rozwiązany 189 razy
    23 od ostatniego zresetowania
  • Średni wynik to 2 z 8
Statystyki odpowiedzi
Rok Wydania Bajka % Poprawnych
1957 Krecik
95%
1967 Rumcajs
50%
1976 Sąsiedzi
50%
1968 Żwirek i Muchomorek
18%
1973 Amelka
0%
1976 Ślimak Maciuś
0%
1971 Śnieżne Skrzaty
0%
1976 Szuwarek
0%
Nie znaleziono quizów pasujących do podanych kryteriów
Rozkład punktacji
Procent ludzi z każdym wynikiem
Percentyl według liczby udzielonych odpowiedzi
Twoja historia wyników
Nie rozwiązałeś tego quizu od ostatniego zresetowania